000 00643nam a2200181Ia 4500
005 20250508152540.0
008 008 250505s9999 xx 000 0 eng d
037 _aTextual
040 _aFEDL
_beng
_cFEDL
041 _aeng
_2eng
084 _a371.26, NCE
_qFEDL
245 0 _aStudy of the marks obtained by examinees in different subjects at the M.A.examination of the University of Delhi in the years 1950 to 1957
260 _aDelhi, India
_bCentral Institute of Education
_c1959
300 _a19p.
650 _aEducational - Tests and Measurements
_9758953
942 _cTEXL
_h371.26, NCE
999 _c1337159
_d1337159